• 首页
  • 本馆介绍
  • 公告通知
  • 最新文献
  • 馆藏检索
  • 电子资源
  • 读者导购
  • 参考咨询
  • 我的图书馆
  • 登录
  • 详细信息显示
  • 放入我的书架
  • 预约/预借图书
  • 作者相关作品
  • 分类相关作品
  • 丛书相关作品
  • 出版社相关作品

书目信息

  • 表格格式
  • 工作单格式
  • 卡片格式
题名:
复变函数论
    
 
作者: 张培璇 编著
分册:  
出版信息: 济南   山东大学出版社  1993.12
页数: 248页
开本: 32开
丛书名:
单 册:
中图分类: O174.5
科图分类:
主题词: 数学分析
电子资源:
ISBN: 7-5607-0847-1
000 00537nam0 2200193 45
001 0011280942
005 20031219104047.7
010    @a7-5607-0847-1@dCNY4.50
100    @a20001128d1993 km y0chiy0120 ea
101 0  @achi
105    @a z 000yy
200 1  @a复变函数论@AFu Bian Han Shu Lun@f张培璇编著@FZhang Pei Xuan Bian Zhu
210    @a济南@c山东大学出版社@d1993.12
215    @a248页@d32开
606 0  @a数学分析
690    @aO174.5@v1
701  0 @a张培璇@4编著
801    @aCN@bTSTC@c20001128
905    @dO174.5@e101@b293463-467@f5
    
    复变函数论/张培璇编著.-济南:山东大学出版社,1993.12
    248页;32开
    
    
    ISBN 7-5607-0847-1:CNY4.50
    
●
相关链接 在E读中查询图书 在五车中查询图书 在当当中查询图书 在豆瓣中查询图书


正题名:复变函数论     索取号:O174.5/101         预约/预借

序号 登录号 条形码 馆藏地/架位号 状态 备注
1 0293463   002934631   第三借阅区/ [索取号:O174.5/101] 在馆    
2 0293464   002934640   第三借阅区/ [索取号:O174.5/101] 在馆    
3 0293465   002934659   第三借阅区/ [索取号:O174.5/101] 在馆    
4 0293466   002934668   第三借阅区/ [索取号:O174.5/101] 在馆    
5 0293467   002934677   第二样本阅览室/ [索取号:O174.5/101] 在馆    
唐山师范学院图书馆 欢迎您!
大连网信软件有限公司© 版权所有